[Event "Irish Championship 2022"]
[Site "Dublin IRL"]
[Date "2022.07.03"]
[Round "2.5"]
[White "Li, Henry"]
[Black "Ivanov, Andrey"]
[Result "1-0"]
[WhiteTitle "FM"]
[WhiteElo "2319"]
[BlackElo "1844"]
[WhiteICU "2304"]
[BlackICU "1805"]
[WhiteClub "Gonzaga"]
[BlackClub "Malahide"]
[WhiteNationality "IRL"]
[BlackNationality "IRL"]
[WhiteFideId "2508524"]
[BlackFideId "2514311"]
[PlyCount "89"]
[Venue "Talbot Hotel, Stillorgan"]
[EventDate "2022.07.02"]

{ Event information: <a href="../pairings_irlch2022.html">Tournament
report</a>. }

1. e4 c5 2. Nc3 g6 3. f4 Bg7 4. Nf3 Nc6 5. Bb5 Nd4 6. O-O Nxb5 7. Nxb5 a6
8. Nc3 e6 9. e5 d5 10. d4 cxd4 11. Nxd4 Ne7 12. Kh1 O-O 13. Qe2 Nc6 14. Be3
Nxd4 15. Bxd4 f6 16. a4 fxe5 17. fxe5 Qe7 18. Qe3 Qc7 19. Rxf8+ Kxf8 20.
Bc5+ Kg8 21. Bd6 Qc4 22. Qd3 Qxd3 23. cxd3 Bf8 24. Bxf8 Kxf8 25. Ne2 Ke7
26. Nd4 Bd7 27. Kg1 Rf8 28. b3 Rf4 29. Nc2 b5 30. a5 Rf5 31. Re1 Rf8 32.
Nb4 Rc8 33. Kf2 Rc3 34. Rb1 Bc8 35. Ke3 Bb7 36. g3 Rc8 37. Kd4 Rc7 38. Rf1
Rc8 39. h4 Rd8 40. Kc5 Rb8 41. Kb6 d4 42. Kc7 Bg2 43. Kxb8 Bxf1 44. Kb7 Kd7
45. Nxa6 1-0

[Event "Irish Championship 2022"]
[Site "Dublin IRL"]
[Date "2022.07.03"]
[Round "2.6"]
[White "Goss, Alex"]
[Black "Flynn, Jacob"]
[Result "0-1"]
[BlackTitle "CM"]
[WhiteElo "1859"]
[BlackElo "2199"]
[WhiteICU "1782"]
[BlackICU "2189"]
[WhiteClub "U.C.D."]
[BlackClub "Malahide"]
[WhiteNationality "IRL"]
[BlackNationality "IRL"]
[WhiteFideId "2509407"]
[BlackFideId "2509393"]
[PlyCount "50"]
[Venue "Talbot Hotel, Stillorgan"]
[EventDate "2022.07.02"]

{ Event information: <a href="../pairings_irlch2022.html">Tournament
report</a>. }

1. e4 c5 2. Nf3 Nc6 3. Bb5 g6 4. Bxc6 dxc6 5. h3 e5 6. d3 f6 7. Be3 Nh6 8.
a4 Be6 9. a5 Nf7 10. Nbd2 f5 11. g3 Qf6 12. exf5 gxf5 13. Qe2 O-O-O 14. Rb1
Kb8 15. Nc4 Bxc4 16. dxc4 e4 17. Nd2 Ng5 18. Bxg5 Qxg5 19. Qe3 Qh5 20. Qe2
Qg6 21. Nb3 e3 22. Qf3 f4 23. Rc1 Bd6 24. g4 Rde8 25. a6 exf2+ 0-1

[Event "Irish Championship 2022"]
[Site "Dublin IRL"]
[Date "2022.07.03"]
[Round "2.7"]
[White "O'Cuilleanain, Oisin"]
[Black "Carroll, Peter"]
[Result "0-1"]
[BlackTitle "CM"]
[WhiteElo "1936"]
[BlackElo "2116"]
[WhiteICU "1959"]
[BlackICU "2139"]
[WhiteClub "Ballyroan"]
[BlackClub "Gonzaga"]
[WhiteNationality "IRL"]
[BlackNationality "IRL"]
[WhiteFideId "2514249"]
[BlackFideId "2510243"]
[PlyCount "66"]
[Venue "Talbot Hotel, Stillorgan"]
[EventDate "2022.07.02"]
[WhiteFullName "O'Cuilleanain, Ois&iacute;n"]

{ Event information: <a href="../pairings_irlch2022.html">Tournament
report</a>. }

1. e4 c5 2. Nf3 d6 3. Bb5+ Nd7 4. O-O a6 5. Bxd7+ Bxd7 6. d4 cxd4 7. Qxd4
e5 8. Qd3 Rc8 9. c4 b5 10. Nfd2 Nf6 11. Nc3 Qb6 12. b3 Be7 13. Bb2 O-O 14.
Rfc1 b4 15. Nd1 Nh5 16. Bxe5 dxe5 17. Qxd7 Bc5 18. Nf1 Nf4 19. Nde3 Ne2+
20. Kh1 Nxc1 21. Rxc1 Rcd8 22. Qg4 Bxe3 23. Nxe3 Rd2 24. c5 Qe6 25. Nf5 g6
26. c6 Kh8 27. Ne3 Qxg4 28. Nxg4 Rc8 29. Ne3 Rc7 30. Rc5 f6 31. Rd5 Rxa2
32. g3 Rxc6 33. Rd7 Rxf2 0-1

[Event "Irish Championship 2022"]
[Site "Dublin IRL"]
[Date "2022.07.03"]
[Round "2.8"]
[White "Doyle, Tony"]
[Black "Melaugh, Gavin"]
[Result "1/2-1/2"]
[WhiteTitle "NM"]
[WhiteElo "2116"]
[BlackElo "2020"]
[WhiteICU "1906"]
[BlackICU "1994"]
[BlackClub "Elm Mount"]
[WhiteNationality "IRL"]
[BlackNationality "IRL"]
[WhiteFideId "2500329"]
[BlackFideId "2509571"]
[PlyCount "50"]
[Venue "Talbot Hotel, Stillorgan"]
[EventDate "2022.07.02"]

{ Event information: <a href="../pairings_irlch2022.html">Tournament
report</a>. }

1. Nf3 f5 2. d3 Nf6 3. e4 fxe4 4. dxe4 Nxe4 5. Bd3 d5 6. Bxe4 dxe4 7. Qxd8+
Kxd8 8. Ng5 Ke8 9. Nc3 Bf5 10. Be3 e5 11. O-O-O Nc6 12. Ngxe4 Be7 13. Rhe1
Kf7 14. Bc5 Bxc5 15. Nxc5 b6 16. N5e4 Rad8 17. Ng3 Bg6 18. h4 Rxd1+ 19.
Rxd1 Nd4 20. Nce4 Bxe4 21. Nxe4 Rd8 22. c3 Ne2+ 23. Kc2 Rxd1 24. Kxd1 Nf4
25. g3 Ne6 1/2-1/2

[Event "Irish Championship 2022"]
[Site "Dublin IRL"]
[Date "2022.07.03"]
[Round "2.9"]
[White "Kennedy, John P. A."]
[Black "Cafolla, Peter"]
[Result "1/2-1/2"]
[WhiteElo "2047"]
[BlackElo "1937"]
[WhiteICU "1985"]
[BlackICU "1893"]
[WhiteClub "Dublin"]
[BlackClub "Rathmines"]
[WhiteNationality "IRL"]
[BlackNationality "IRL"]
[WhiteFideId "2501120"]
[BlackFideId "2500884"]
[PlyCount "45"]
[Venue "Talbot Hotel, Stillorgan"]
[EventDate "2022.07.02"]

{ Event information: <a href="../pairings_irlch2022.html">Tournament
report</a>. }

1. Nf3 Nf6 2. g3 g6 3. Bg2 Bg7 4. d4 O-O 5. O-O d6 6. a4 Nbd7 7. Nc3 e5 8.
e4 a5 9. h3 Re8 10. Bg5 h6 11. Be3 exd4 12. Nxd4 Nc5 13. f3 Bd7 14. Qd2 Kh7
15. Rfe1 c6 16. Nde2 Bf8 17. Rad1 Qb6 18. Kh2 Qb4 19. Bd4 Ng8 20. b3 Ne6
21. Bf2 Rad8 22. Qc1 Nc5 23. Na2 1/2-1/2

[Event "Irish Championship 2022"]
[Site "Dublin IRL"]
[Date "2022.07.03"]
[Round "2.10"]
[White "Keenan, Cathal"]
[Black "O'Gorman, Alice"]
[Result "1-0"]
[WhiteElo "1811"]
[BlackElo "2043"]
[WhiteICU "1883"]
[BlackICU "2075"]
[BlackClub "Elm Mount"]
[WhiteNationality "IRL"]
[BlackNationality "IRL"]
[WhiteFideId "2516853"]
[BlackFideId "2508214"]
[PlyCount "145"]
[Venue "Talbot Hotel, Stillorgan"]
[EventDate "2022.07.02"]

{ Event information: <a href="../pairings_irlch2022.html">Tournament
report</a>. }

1. e4 e5 2. Bc4 Nf6 3. d3 c6 4. Nf3 d5 5. Bb3 Nbd7 6. O-O Be7 7. exd5 cxd5
8. Re1 O-O 9. Bg5 Qc7 10. Nc3 Bb4 11. Bd2 Bxc3 12. Bxc3 Re8 13. d4 e4 14.
Ne5 b5 15. a4 b4 16. Nxd7 Bxd7 17. Bxb4 Ng4 18. g3 Nf6 19. f3 Qb6 20. Bc5
Qe6 21. a5 Qh3 22. Bd6 Qh5 23. fxe4 Bg4 24. Qd3 dxe4 25. Qf1 e3 26. Be5 Ne4
27. Rxe3 Nd2 28. Qf2 Nxb3 29. cxb3 Rac8 30. b4 Bf5 31. Qf3 Bg4 32. Qf2 Bf5
33. Rae1 Rc2 34. R3e2 Rxe2 35. Qxe2 Bg4 36. Qf2 Be6 37. Qe2 Bg4 38. Qf2 Be6
39. Bd6 Rd8 40. Bc5 Bd5 41. Qe2 Qxe2 42. Rxe2 a6 43. Kf2 g6 44. Re5 Bc4 45.
g4 h6 46. Ke3 Kg7 47. h4 Rd7 48. Kd2 f6 49. Re8 h5 50. gxh5 gxh5 51. Kc3
Bb5 52. Rb8 f5 53. Rxb5 axb5 54. a6 Kf6 55. a7 Rd8 56. Bd6 Ra8 57. Bb8 Ke6
58. Kd3 Kd5 59. Ke3 Kc4 60. Kf4 Kxd4 61. Kxf5 Kc4 62. Kg5 Kxb4 63. Kxh5 Kb3
64. Kg5 Kxb2 65. h5 Ka2 66. h6 b4 67. h7 b3 68. h8=Q b2 69. Qh2 Kb3 70.
Qg3+ Ka2 71. Qg2 Ka1 72. Qxa8 b1=Q 73. Be5+ 1-0

[Event "Irish Championship 2022"]
[Site "Dublin IRL"]
[Date "2022.07.03"]
[Round "2.11"]
[White "Mats, Diana"]
[Black "Keogh, Eamon"]
[Result "1-0"]
[BlackTitle "NM"]
[WhiteElo "2028"]
[BlackElo "1931"]
[BlackICU "1839"]
[BlackClub "Kilkenny"]
[WhiteNationality "UKR"]
[BlackNationality "IRL"]
[WhiteFideId "14138611"]
[BlackFideId "2500264"]
[PlyCount "87"]
[Venue "Talbot Hotel, Stillorgan"]
[EventDate "2022.07.02"]

{ Event information: <a href="../pairings_irlch2022.html">Tournament
report</a>. }

1. e4 d6 2. d4 g6 3. Nc3 Bg7 4. Be3 Nf6 5. f3 Nbd7 6. g4 b6 7. Qd2 h5 8. g5
Nh7 9. O-O-O Bb7 10. f4 a6 11. Bg2 b5 12. f5 Nb6 13. b3 c6 14. Nh3 Nd7 15.
fxg6 fxg6 16. Nf4 Ndf8 17. Nce2 a5 18. Kb1 Qc7 19. Rhf1 O-O-O 20. Bh3+ Kb8
21. Ne6 Nxe6 22. Bxe6 Nf8 23. Bf7 Bc8 24. Nf4 Bg4 25. Rc1 a4 26. Nxg6 Nxg6
27. Bxg6 c5 28. Rf7 cxd4 29. Bxd4 Bxd4 30. Qxd4 Rhg8 31. Bf5 Rxg5 32. bxa4
bxa4 33. h4 Rgg8 34. Qxa4 Bxf5 35. Rxf5 e5 36. Rf3 Rg7 37. Rb3+ Kc8 38.
Qa6+ Kd7 39. Qe2 Rg4 40. Rf1 Ke6 41. Qd2 Rf4 42. Rxf4 exf4 43. Qxf4 Rg8 44.
Qh6+ 1-0

[Event "Irish Championship 2022"]
[Site "Dublin IRL"]
[Date "2022.07.03"]
[Round "2.12"]
[White "Fox, Anthony"]
[Black "Liu, Jason"]
[Result "1-0"]
[WhiteElo "1945"]
[BlackElo "1746"]
[WhiteICU "1928"]
[BlackICU "1672"]
[WhiteClub "Dun Laoghaire"]
[BlackClub "Blanchardstown"]
[WhiteNationality "IRL"]
[BlackNationality "IRL"]
[WhiteFideId "2500736"]
[BlackFideId "2514656"]
[PlyCount "59"]
[Venue "Talbot Hotel, Stillorgan"]
[EventDate "2022.07.02"]

{ Event information: <a href="../pairings_irlch2022.html">Tournament
report</a>. }

1. e4 e6 2. d3 b6 3. g3 Bb7 4. Bg2 c5 5. Nf3 Nf6 6. O-O d5 7. e5 Nfd7 8.
Re1 Be7 9. h4 Nc6 10. c3 Qc7 11. Bf4 h6 12. h5 O-O-O 13. a3 Rdg8 14. b4 g5
15. hxg6 fxg6 16. d4 g5 17. Be3 c4 18. a4 Kb8 19. Na3 Qd8 20. a5 h5 21.
axb6 Qxb6 22. Nh2 Nd8 23. Nxc4 Qc6 24. Na5 Qxc3 25. Nxb7 Nxb7 26. Qa4 Nb6
27. Qxa7+ Kc7 28. Rec1 Qxc1+ 29. Rxc1+ Nc4 30. Rxc4+ 1-0

[Event "Irish Championship 2022"]
[Site "Dublin IRL"]
[Date "2022.07.04"]
[Round "3.1"]
[White "Kanyamarala, Tarun"]
[Black "Baburin, Alexander"]
[Result "1-0"]
[WhiteTitle "FM"]
[BlackTitle "GM"]
[WhiteElo "2379"]
[BlackElo "2400"]
[WhiteICU "2356"]
[BlackICU "2360"]
[WhiteClub "Balbriggan"]
[BlackClub "Kilkenny"]
[WhiteNationality "IRL"]
[BlackNationality "IRL"]
[WhiteFideId "45004714"]
[BlackFideId "2500914"]
[PlyCount "49"]
[Venue "Talbot Hotel, Stillorgan"]
[EventDate "2022.07.02"]

{ Event information: <a href="../pairings_irlch2022.html">Tournament
report</a>. } { Annotator: Alexander Baburin, <em>Sunday Independent</em>,
July 17, 2022 p. 29 (excerpted here). }

1. d4 d5 2. c4 e6 3. Nf3 Nf6 4. Nc3 Nbd7 5. Bf4 dxc4 6. e3 Nd5 7. Bxc4 Nxf4
8. exf4 Nf6 $2 (8... Bd6) (8... Nb6) 9. f5 $1 exf5 10. Qb3 Bd6 11. Bxf7+
Kf8 12. O-O g6 13. Ne5 Qe7 $2 (13... Kg7 14. Bxg6 Rf8 15. Bf7 c5 { &#91;RR
$14&#93; }) 14. Rfe1 Bxe5 15. Rxe5 Qxf7 16. Qb4+ Kg8 17. Re7 a5 18. Qc5 $1
Nd7 19. Qa3 Qf6 20. Rae1 c6 21. Qb3+ Kf8 22. Re8+ Kg7 23. R1e7+ Kh6 24. Nd5
$1 Qxd4 (24... cxd5 25. Qh3+) 25. Rxh8 1-0

[Event "Irish Championship 2022"]
[Site "Dublin IRL"]
[Date "2022.07.04"]
[Round "3.2"]
[White "O'Gorman, Tom"]
[Black "O'Connell, Gerard"]
[Result "1-0"]
[WhiteTitle "FM"]
[WhiteElo "2401"]
[BlackElo "2052"]
[WhiteICU "2367"]
[BlackICU "2003"]
[BlackClub "St. Benildus"]
[WhiteNationality "IRL"]
[BlackNationality "IRL"]
[WhiteFideId "2508249"]
[BlackFideId "2500493"]
[PlyCount "111"]
[Venue "Talbot Hotel, Stillorgan"]
[EventDate "2022.07.02"]

{ Event information: <a href="../pairings_irlch2022.html">Tournament
report</a>. }

1. d4 Nf6 2. Nf3 g6 3. Nbd2 d5 4. b4 Bg7 5. e3 a5 6. b5 c5 7. bxc6 bxc6 8.
Ba3 O-O 9. Be2 Na6 10. O-O c5 11. c4 Nb4 12. Bb2 cxd4 13. Nxd4 e5 14. Nb5
e4 15. c5 Ba6 16. a4 Nd7 17. Bxg7 Kxg7 18. Nb3 Ne5 19. Qd2 Nec6 20. Rfd1
Kg8 21. Rac1 Rc8 22. Nd6 Bxe2 23. Qxe2 Nd3 24. Nxc8 Nxc1 25. Rxc1 Qxc8 26.
Qb5 Qc7 27. Qb6 Rc8 28. h3 Nb4 29. Qxa5 Qxa5 30. Nxa5 Nd3 31. Ra1 Rxc5 32.
Nb3 Rc6 33. Nd4 Ra6 34. a5 Kf8 35. Nb5 Nc5 36. Nc7 Ra7 37. a6 Ke7 38. Nxd5+
Kd6 39. Nb4 Nd3 40. Nxd3 exd3 41. Kf1 Kc5 42. Ke1 Kc6 43. Kd2 Kb6 44. Kxd3
Rd7+ 45. Ke2 Ka7 46. Ra2 Rd5 47. e4 Rd4 48. Ke3 Rb4 49. Kf4 f6 50. Ra3 Rb5
51. Ke3 Rg5 52. g3 Rh5 53. h4 Rc5 54. Kd4 Rb5 55. f4 g5 56. hxg5 1-0

[Event "Irish Championship 2022"]
[Site "Dublin IRL"]
[Date "2022.07.04"]
[Round "3.3"]
[White "Flynn, Jacob"]
[Black "Li, Henry"]
[Result "0-1"]
[WhiteTitle "CM"]
[BlackTitle "FM"]
[WhiteElo "2199"]
[BlackElo "2319"]
[WhiteICU "2189"]
[BlackICU "2304"]
[WhiteClub "Malahide"]
[BlackClub "Gonzaga"]
[WhiteNationality "IRL"]
[BlackNationality "IRL"]
[WhiteFideId "2509393"]
[BlackFideId "2508524"]
[PlyCount "88"]
[Venue "Talbot Hotel, Stillorgan"]
[EventDate "2022.07.02"]

{ Event information: <a href="../pairings_irlch2022.html">Tournament
report</a>. }

1. d4 Nf6 2. Nf3 g6 3. g3 Bg7 4. Bg2 O-O 5. O-O d6 6. c4 Nc6 7. Nc3 a6 8.
b3 Rb8 9. Nd5 Bd7 10. Bb2 Ne4 11. Nf4 Re8 12. Nd3 e6 13. d5 exd5 14. cxd5
Bxb2 15. Nxb2 Ne5 16. Qd4 Nxf3+ 17. exf3 Qf6 18. Qxf6 Nxf6 19. f4 Re2 20.
Nc4 b5 21. Bf3 Rc2 22. Ne3 Rd2 23. Rfc1 Rb7 24. Rd1 Rb2 25. Rdb1 Rxb1+ 26.
Rxb1 a5 27. a3 h5 28. Rc1 Kf8 29. Nc2 Bf5 30. Nd4 Be4 31. Bxe4 Nxe4 32. Nc6
a4 33. b4 Nf6 34. Na5 Ra7 35. Nc6 Rb7 36. Na5 Rb6 $5 37. Rxc7 (37. Rd1 $10)
37... Nxd5 38. Ra7 $2 (38. Rc2 $10) 38... Nc3 $15 39. Nb7 $2 (39. Kf1 $15)
39... Ke8 (39... Nb1 $1 $19) 40. Ra8+ $6 Kd7 41. Nd8 Ke7 42. Rc8 Nd5 43.
Nc6+ Kd7 44. Na7 Rb7 0-1

[Event "Irish Championship 2022"]
[Site "Dublin IRL"]
[Date "2022.07.04"]
[Round "3.4"]
[White "Ryan, Joe"]
[Black "O'Donnell, Conor"]
[Result "1/2-1/2"]
[WhiteTitle "FM"]
[BlackTitle "FM"]
[WhiteElo "2270"]
[BlackElo "2269"]
[WhiteICU "2288"]
[BlackICU "2276"]
[WhiteClub "Valls ESP"]
[BlackClub "Gonzaga"]
[WhiteNationality "IRL"]
[BlackNationality "IRL"]
[WhiteFideId "2500426"]
[BlackFideId "2504243"]
[PlyCount "92"]
[Venue "Talbot Hotel, Stillorgan"]
[EventDate "2022.07.02"]

{ Event information: <a href="../pairings_irlch2022.html">Tournament
report</a>. }

1. e4 c6 2. Nf3 d5 3. d3 dxe4 4. dxe4 Qxd1+ 5. Kxd1 Nf6 6. Nbd2 g6 7. c3
Bg4 8. Be2 Nbd7 9. Ne1 Bxe2+ 10. Kxe2 Bh6 11. f3 a5 12. Nd3 a4 13. Nc4 Bxc1
14. Raxc1 O-O 15. g4 Rfd8 16. h4 Ne8 17. Rcd1 Nd6 18. Nxd6 exd6 19. f4 f6
20. Kf3 Kf7 21. Rh2 Ra5 22. Nb4 Ke7 23. Nc2 h5 24. g5 fxg5 25. hxg5 Rf8 26.
Kg3 Nc5 27. Re2 Ne6 28. f5 Nxg5 29. Nd4 Re5 30. Kf4 Nh3+ 31. Kg3 Ng5 32.
Kf4 Nh7 33. Nf3 g5+ 34. Nxg5 Nxg5 35. Kxg5 d5 36. Rde1 dxe4 37. Kxh5 Rexf5+
38. Kg4 Kf6 39. Rxe4 Rg8+ 40. Kh4 Rh8+ 41. Kg3 Rg5+ 42. Kf4 Rh4+ 43. Kf3
Rh3+ 44. Kf4 Rh4+ 45. Kf3 Rh3+ 46. Kf4 Rh4+ 1/2-1/2

[Event "Irish Championship 2022"]
[Site "Dublin IRL"]
[Date "2022.07.04"]
[Round "3.5"]
[White "Carroll, Peter"]
[Black "Daly, Colm"]
[Result "0-1"]
[WhiteTitle "CM"]
[BlackTitle "FM"]
[WhiteElo "2116"]
[BlackElo "2190"]
[WhiteICU "2139"]
[BlackICU "2189"]
[WhiteClub "Gonzaga"]
[BlackClub "Bray/Greystones"]
[WhiteNationality "IRL"]
[BlackNationality "IRL"]
[WhiteFideId "2510243"]
[BlackFideId "2500434"]
[PlyCount "39"]
[Venue "Talbot Hotel, Stillorgan"]
[EventDate "2022.07.02"]

{ Event information: <a href="../pairings_irlch2022.html">Tournament
report</a>. }

1. d4 d5 2. Nc3 Bf5 3. f3 e6 4. e4 Bg6 5. Be3 Bb4 6. Bd3 dxe4 7. fxe4 Bxc3+
8. bxc3 Bxe4 9. Nf3 Nf6 10. Bxe4 Nxe4 11. Qd3 Nd6 12. O-O h6 13. d5 exd5
14. Rae1 O-O 15. Ne5 Nd7 16. Bxh6 gxh6 17. Qh3 Nxe5 18. Rxe5 Ne4 19. Qxh6
Qd6 20. Qh5 0-1

[Event "Irish Championship 2022"]
[Site "Dublin IRL"]
[Date "2022.07.04"]
[Round "3.6"]
[White "Venkatesan, Kavin"]
[Black "Fox, Anthony"]
[Result "1/2-1/2"]
[WhiteElo "2076"]
[BlackElo "1945"]
[WhiteICU "2038"]
[BlackICU "1928"]
[WhiteClub "St. Benildus"]
[BlackClub "Dun Laoghaire"]
[WhiteNationality "IRL"]
[BlackNationality "IRL"]
[WhiteFideId "2512602"]
[BlackFideId "2500736"]
[PlyCount "73"]
[Venue "Talbot Hotel, Stillorgan"]
[EventDate "2022.07.02"]

{ Event information: <a href="../pairings_irlch2022.html">Tournament
report</a>. }

1. c4 e6 2. e4 d5 3. cxd5 exd5 4. exd5 Nf6 5. Bb5+ Nbd7 6. Nc3 Be7 7. d4
O-O 8. Nf3 Nb6 9. O-O Nbxd5 10. Bc4 c6 11. Ne5 Be6 12. Bg5 Nxc3 13. bxc3
Bxc4 14. Nxc4 Nd5 15. Bxe7 Qxe7 16. Qd2 Rfe8 17. Rfe1 Qc7 18. g3 Rad8 19.
Rxe8+ Rxe8 20. Re1 Rxe1+ 21. Qxe1 Qe7 22. Qd2 h6 23. Ne3 Qe6 24. Nxd5 cxd5
25. Qb2 b6 26. Qb5 Qe1+ 27. Kg2 Qe4+ 28. Kf1 Kh7 29. a4 f5 30. a5 bxa5 31.
Qxa5 Qd3+ 32. Kg1 Qb1+ 33. Kg2 Qe4+ 34. Kf1 Qd3+ 35. Kg1 Qb1+ 36. Kg2 Qe4+
37. Kf1 1/2-1/2

[Event "Irish Championship 2022"]
[Site "Dublin IRL"]
[Date "2022.07.04"]
[Round "3.7"]
[White "Ivanov, Andrey"]
[Black "Mats, Diana"]
[Result "0-1"]
[WhiteElo "1844"]
[BlackElo "2028"]
[WhiteICU "1805"]
[WhiteClub "Malahide"]
[WhiteNationality "IRL"]
[BlackNationality "UKR"]
[WhiteFideId "2514311"]
[BlackFideId "14138611"]
[PlyCount "118"]
[Venue "Talbot Hotel, Stillorgan"]
[EventDate "2022.07.02"]

{ Event information: <a href="../pairings_irlch2022.html">Tournament
report</a>. }

1. e4 e6 2. d4 d5 3. e5 c5 4. c3 Nc6 5. Nf3 Qb6 6. a3 c4 7. g3 Na5 8. Nbd2
Bd7 9. Bg2 h6 10. O-O Ne7 11. Ne1 Nf5 12. Qe2 O-O-O 13. Nc2 f6 14. Ne3 Nxe3
15. Qxe3 f5 16. f4 g5 17. fxg5 hxg5 18. Qxg5 Bh6 19. Qe7 Nc6 20. Qc5 Qxc5
21. dxc5 Be3+ 22. Kh1 Nxe5 23. Nf3 Nxf3 24. Bxf3 Bxc5 25. Bf4 Ba4 26. Rfe1
Kd7 27. Re2 Bd6 28. Bxd6 Kxd6 29. Rae1 Rh6 30. Kg2 Rdh8 31. h4 Rg8 32. h5
Be8 33. Re5 Bf7 34. Kf2 Rf6 35. Kg2 Rg5 36. g4 Bxh5 37. a4 Bxg4 38. Bxg4
Rxg4+ 39. Kf3 Rfg6 40. a5 Rg3+ 41. Kf2 Rg2+ 42. Kf3 Rxb2 43. a6 bxa6 44.
R5e2 Rxe2 45. Rxe2 Rg1 46. Ra2 Rc1 47. Rxa6+ Ke5 48. Rxa7 Rxc3+ 49. Ke2 f4
50. Rh7 Ke4 51. Kd2 Rd3+ 52. Ke2 e5 53. Rh5 f3+ 54. Ke1 Kd4 55. Rh2 e4 56.
Ra2 e3 57. Ra1 Ke4 58. Ra8 f2+ 59. Ke2 Rd2+ 0-1

[Event "Irish Championship 2022"]
[Site "Dublin IRL"]
[Date "2022.07.04"]
[Round "3.8"]
[White "Melaugh, Gavin"]
[Black "Keenan, Cathal"]
[Result "0-1"]
[WhiteElo "2020"]
[BlackElo "1811"]
[WhiteICU "1994"]
[BlackICU "1883"]
[WhiteClub "Elm Mount"]
[WhiteNationality "IRL"]
[BlackNationality "IRL"]
[WhiteFideId "2509571"]
[BlackFideId "2516853"]
[PlyCount "58"]
[Venue "Talbot Hotel, Stillorgan"]
[EventDate "2022.07.02"]

{ Event information: <a href="../pairings_irlch2022.html">Tournament
report</a>. }

1. c4 Nf6 2. Nc3 g6 3. d4 Bg7 4. e4 d6 5. Be2 O-O 6. Be3 e5 7. d5 Na6 8. g4
Nc5 9. f3 a5 10. Qd2 a4 11. h4 h5 12. Bg5 Qe8 13. O-O-O hxg4 14. Bxf6 Bxf6
15. fxg4 Qe7 16. Kb1 Bg7 17. h5 f5 18. Nf3 fxe4 19. Nh4 Rf4 20. Nxg6 Qf6
21. g5 Qf7 22. Nxf4 exf4 23. g6 Qf8 24. h6 Bxh6 25. g7 Qf6 26. Rdf1 Bf5 27.
Qe1 e3+ 28. Kc1 Nb3+ 29. axb3 axb3 0-1

[Event "Irish Championship 2022"]
[Site "Dublin IRL"]
[Date "2022.07.04"]
[Round "3.9"]
[White "Cafolla, Peter"]
[Black "Doyle, Tony"]
[Result "1/2-1/2"]
[BlackTitle "NM"]
[WhiteElo "1937"]
[BlackElo "2116"]
[WhiteICU "1893"]
[BlackICU "1906"]
[WhiteClub "Rathmines"]
[WhiteNationality "IRL"]
[BlackNationality "IRL"]
[WhiteFideId "2500884"]
[BlackFideId "2500329"]
[PlyCount "56"]
[Venue "Talbot Hotel, Stillorgan"]
[EventDate "2022.07.02"]

{ Event information: <a href="../pairings_irlch2022.html">Tournament
report</a>. }

1. e4 e5 2. Nf3 Nc6 3. Bb5 a6 4. Ba4 Nf6 5. O-O Be7 6. Re1 b5 7. Bb3 d6 8.
a4 Rb8 9. c3 O-O 10. h3 Na5 11. Bc2 c5 12. axb5 axb5 13. d4 cxd4 14. cxd4
Qc7 15. Nbd2 exd4 16. Nxd4 Nc6 17. N2f3 Nxd4 18. Nxd4 g6 19. Bg5 Kg7 20.
Ra3 Bd7 21. Qd2 Ng8 22. Bxe7 Nxe7 23. b4 Ra8 24. Rea1 Rxa3 25. Rxa3 Rc8 26.
Bd3 Qc1+ 27. Qxc1 Rxc1+ 28. Kh2 Rd1 1/2-1/2

[Event "Irish Championship 2022"]
[Site "Dublin IRL"]
[Date "2022.07.04"]
[Round "3.10"]
[White "O'Cuilleanain, Oisin"]
[Black "Kennedy, John P. A."]
[Result "1-0"]
[WhiteElo "1936"]
[BlackElo "2047"]
[WhiteICU "1959"]
[BlackICU "1985"]
[WhiteClub "Ballyroan"]
[BlackClub "Dublin"]
[WhiteNationality "IRL"]
[BlackNationality "IRL"]
[WhiteFideId "2514249"]
[BlackFideId "2501120"]
[PlyCount "69"]
[Venue "Talbot Hotel, Stillorgan"]
[EventDate "2022.07.02"]
[WhiteFullName "O'Cuilleanain, Ois&iacute;n"]

{ Event information: <a href="../pairings_irlch2022.html">Tournament
report</a>. }

1. d4 d5 2. c4 e6 3. Nf3 c5 4. cxd5 exd5 5. Bg5 Be7 6. Bxe7 Nxe7 7. dxc5
Qa5+ 8. Nc3 Nbc6 9. e3 Qxc5 10. Be2 O-O 11. O-O Be6 12. Rc1 Rad8 13. Qd2
Qa5 14. Rfd1 Nf5 15. Nb5 Qb6 16. Nfd4 a6 17. Nxc6 bxc6 18. Nd4 c5 19. Nxf5
Bxf5 20. Qc3 h6 21. b3 d4 22. Qxc5 Qg6 23. Rxd4 Rc8 24. Qa3 Be4 25. Bf1 Bb7
26. Rxc8 Rxc8 27. Qb4 Ba8 28. Qd2 Kh7 29. Rd6 Qg5 30. f4 Qg4 31. Qe2 Qh4
32. Qd3+ g6 33. f5 Be4 34. fxg6+ fxg6 35. Rd7+ 1-0